000 00490nam a22001697a 4500
020 _a978-1305971493
082 _a338.5
_bMAN
100 _aMankiw, N. Gregory
245 _aPrinciples of Microeconomics /
_cN. Gregory Mankiw
250 _a8th Edition
260 _aAustralia ; Boston, MA :
_bCengage Learning,
_c2018.
300 _axxxii, 491 pages :
_billustrations ;
_c26 cm
504 _aIncludes index.
563 _aPB
650 _aMicroeconomics
942 _2ddc
_cBK
999 _c613594
_d613594